000 00889cab a2200289 4500
001 ABS46552
008 090401t1992 xxu||||| |||| 00| 0 eng d
035 _a(Sirsi) u58734
041 _aeng
245 _aPlymouth, Exeter and Taunton
260 _c1992
350 _a0
490 _aEstates Gazette
_v(9225) 27 June 1992, 71-91(12)
520 _aThis Estates Gazette Focus examines the issues and trends which have influenced the economy of Devon through the early 1990s and reports on the office, retail and industrial markets in Exeter, Plymouth and Taunton.
650 _aDEVON
650 _aEXETER
650 _aFOCUS
650 _aINDUSTRIAL
650 _aMARKET
650 _aOFFICES
650 _aPLYMOUTH
650 _aRETAIL
650 _aTAUNTON
690 _aPROPERTY-COMMERCIAL PROPERTY-COMMERCIAL PROPERTY MARKET
942 _n0
948 _c04/03/1997
999 _c35917
_d35917